| 000 | 00539nam a22001937a 4500 | ||
|---|---|---|---|
| 003 | CEME | ||
| 005 | 20210628205211.0 | ||
| 008 | 210114b xxu||||| |||| 00| 0 eng d | ||
| 020 | _a9788131707913 | ||
| 040 | _c. | ||
| 082 | _a621.319 SIV | ||
| 100 |
_aSivanagaraju, S _927586 |
||
| 245 | _aElectric power transmission and distribution | ||
| 260 |
_aINDIA _bPEARSON EDUCATION _c2009 |
||
| 300 | _aXVIII, 611P | ||
| 650 |
_aELECTRIC POWER TRANSMISSION AND DISTRIBUTION _957105 |
||
| 700 |
_aSATYANARAYANA, S _974393 |
||
| 942 |
_cBK _2ddc |
||
| 999 |
_c579926 _d579926 |
||